000 00918nam0a2200277 4500
001 RU\NLR\ONL1\19682
005 20260607060322.0
035 _a(NLR Aleph) 009648418
090 _a9568964
_c9568964
100 _a20120428d1950 c y0rusy50 ca
101 1 _akom
_crus
102 _aRU
105 _ay |||||||||
200 1 _aМалышок
_eповесть
_fИ. Ликстанов
_gпер. Я. М. Рочев
210 _aСыктывкар
_cКоми гос. изд-во
_d1950
215 _a296 с.
_d23
541 1 _aМалышок
_eповесть для детей
_zrus
686 1 _aШ9(2)672=Ко(Р)-4
700 1 _4070
_aЛикстанов
_bИ. И.
_f1900-1955
_gИосиф Исаакович
_3RU\NLR\auth\77104723
_987648
801 0 _aRU
_bNLR
_c20120428
_gPSBO
852 _aNLR
_bОНЛ
_jКоми-з./3-592
899 _aНБ
942 _cBOOK
980 _aNB